UBT Library

Inside the apparat : (Record no. 135)

000 -LEADER
fixed length control field 00930cam a2200253 a 4500
005 - DATE AND TIME OF LATEST TRANSACTION
control field 20131021034907.0
008 - FIXED-LENGTH DATA ELEMENTS--GENERAL INFORMATION
fixed length control field 891017s1990 mau b 001 0 eng
020 ## - INTERNATIONAL STANDARD BOOK NUMBER
International Standard Book Number 0669219851
020 ## - INTERNATIONAL STANDARD BOOK NUMBER
International Standard Book Number 0669242268
041 0# - LANGUAGE CODE
Language code of text/sound track or separate title eng
080 ## - UNIVERSAL DECIMAL CLASSIFICATION NUMBER
Universal Decimal Classification number 321
Common auxiliary subdivision (47)
100 1# - Rafti
Rafti Ra'anan, Uri,
100 1# - Rafti
-- 1926-
245 10 - TITLE STATEMENT
Title Inside the apparat :
Statement of responsibility, etc edited by Uri Ra'anan, Igor Lukes.
260 ## -
-- Lexington, Mass. :
-- Lexington Books,
-- c1990.
300 ## -
-- 281 p. ;
-- 24 cm.
500 ## -
-- Preface : f. [XI] - XII
504 ## - BIBLIOGRAPHY, ETC. NOTE
Bibliography, etc Includes bibliographical references and index.
650 #0 -
-- Vendet komuniste
-- Unioni Sovjetik
-- Intervistat
650 #0 -
-- Politika botërore
-- Uninoni Sovjetik
-- Vendim-marrja
651 #0 -
-- Soviet Union
-- Politika dhe qeverisja
-- Vendim-marrja
651 #0 -
-- Soviet Union
-- Marrëdhënie ndërkombëtare
-- Vendim-marrja
700 1# -
-- Lukes, Igor.
942 ## - ADDED ENTRY ELEMENTS (KOHA)
Source of classification or shelving scheme
Item type Books
Holdings
Withdrawn status Lost status Source of classification or shelving scheme Damaged status Not for loan Collection code Permanent location Current location Shelving location Date acquired Total Checkouts Full call number Barcode Date last seen Price effective from Koha item type
          Koleksioni i përgjithshem UBT - Prishtine UBT - Prishtine Koleksioni i përgjithshem 10/21/2013   321 (47) INS 001-000145 10/21/2013 10/21/2013 Books
UBT Library © 2015-2024. All rights reserved University Education for Business and Technology